000
00344 a2200157 4500
001
56578
020
_a
9788516060411
040
_c
Anchieta - Pituba
100
_a
Alonso, Erika
240
1
0
_a
O colapso dos bibelôs
_l
por
245
1
0
_a
O colapso dos bibelôs
300
_a
72
362
0
_a
2008
650
4
_a
Literatura juvenil
942
_c
BK
999
_c
56578
_d
56578